01124nam a2200229 i 4500001001000000003000900010005001700019007000300036008004100039040003000080082002400110100004100134245010900175264004000284300004700324336002700371337003300398338002800431500017600459505022100635600003800856000045414DO-SdBNP20250909135550.0ta150306s2009 dr c 000 0 spa d aDO-SdBNPbspacBNPHUerda 4a923.2 bD812per2221 aPichardo Cruz, Daniel Nicanoreautor13aPerfiles biográficos de Juan Pablo Duarte, fundador de la República /cDaniel Nicanor Pichardo Cruz. aSanto Domingo :bAlfa Beta,,c2009. a120 páginas :bilustraciones. ;c22 cm. 2rdacontentatextobtxt 2rdamediaasin mediaciónbn 2rdacarrieravolumenbnc aóleo "retrato de Juan Pablo Duarte" autor Abelardo Rodríguez Urdaneta año 1892 (pieza museográfica que se encuentra en el salón de actos del Instituto Duartiano) aImagen de Duarte (su rostro, figura y carácter) 1|Nacimiento y bautismo 51|Destino : idealista y patriota 61|Fallecimiento e inmortalidad 71|El día de Duarte 78|Prócer de América 83|La Cátedra Duartiana 10410aDuarte, Juan Pablo, d1813-1876